| 000 | 01488nam a2200349 i 4500 | ||
|---|---|---|---|
| 001 | 000006732 | ||
| 003 | DO-SdBNP | ||
| 005 | 20250730121142.0 | ||
| 007 | ta | ||
| 008 | 090902s1995 dr 001 0 spa d | ||
| 040 |
_aDO-SdBNP _bspa _cBNPHU _erda |
||
| 041 | _aspa | ||
| 082 | 4 |
_a382.97293 _bS471p _222 |
|
| 111 | 2 |
_a[Seminario ¨TLC y GATT: su impacto sobre la República Dominicana¨ _d(1993 Febr. 2 : _cSanto Domingo, República Dominicana)] _918744 |
|
| 245 | 1 | 0 | _aPonencias y conclusiones de un seminario. |
| 246 | 1 | 3 |
_aTratado de Libre Comercio y Acuerdo General de Aranceles y Comercio : _bsu impacto sobre la República Dominicana / |
| 260 | _fPromoción | ||
| 264 |
_aSanto Domingo, República Dominicana) _bConsejo Nacional de Hombres de Empresa : _bJunta Agroempresarial Dominicana, _c1995?. |
||
| 300 |
_a129 páginas : _bilustraciones ; _c22 cm. |
||
| 336 |
_atexto _btxt _2rdacontent |
||
| 337 |
_asin mediación _bn _2rdamedia |
||
| 338 |
_avolumen _bnc _2rdacarrier |
||
| 590 | _aInventariado, 2018/VM | ||
| 650 | 4 |
_aTratados comerciales _zRepública Dominicana _912395 |
|
| 650 | 4 |
_aRegulación del comercio exterior _98571 |
|
| 650 | 4 |
_aNegociaciones comerciales _99612 |
|
| 650 | 4 |
_aAranceles de aduanas _zRepública Dominicana _xTratados _918745 |
|
| 651 | 4 |
_aRepública Dominicana _xRelaciones Exteriores _xTratados _911787 |
|
| 651 | 4 |
_aRepública Dominicana _xTratados Internacionales _99650 |
|
| 910 | _aValidado. Control de calidad EMS | ||
| 942 |
_2ddc _cLBS1 |
||
| 999 |
_c6521 _d6521 |
||